les 5 plus grands pays du monde - Statistiques

Statistiques générales
  • Ce quiz a été pris 267 fois
  • Le résultat moyen est 5 sur 5
Réponses sur la Carte
Les réponses sont colorées sur une échelle allant du rouge au vert en fonction du pourcentage des utilisateurs qui les ont devinées à leur premier essai. Vous pouvez retrouver ces pourcentages ci-dessous.
 
Statistiques - réponses
Pays % Correct
Russie
100%
Chine
98%
USA
97%
Brésil
94%
Canada
93%
Aucun quiz correspondant
Distribution des résultats
% des personnes avec chaque résultat
Percentile par nombre de réponses
Votre historique - résultats
Vous n’avez pas pris ce quiz